00697nam a22001817a 450000500170000002000180001710000210003524500340005626000320009030000120012265000320013465000260016665000270019270000230021994200120024299900190025495202420027320260113120332.0 a9781498774789 aAjit Kumar97833 aBasic course in real analysis aBoca RatonbCRC pressc2022 axix+302 aMathematical analysis97786 aInfinite series97834 aRiemann integral97835 aKumaresan, S97819 2ddccBK c755014d755014 00102ddc40708GIFaMATbMATcGENd2026-01-08eDonated by Dr. Krishna Kumar G on the completion of SERB sponsored project (UO. No: Ad.F1/1373/2021 dated 22/01/2024)g695.00l0o515..8 KUM-BpMATG245r2026-01-13 06:35:20w2026-01-13yBK